Great Lakes Borders Quiz Stats

 Plays Quiz Updated Aug 20, 2012

Also try: Largest Lakes
Challenge
Share
Tweet
Embed
Score 0/32 Timer 04:00
2 Plays Today
lake answer % Correct
SUPERIORMichigan
96.6%
MICHIGANMichigan
96.6%
HURONMichigan
96.6%
ERIEMichigan
96.2%
ERIENew York
91.9%
ONTARIONew York
91.5%
SUPERIORWisconsin
90.8%
MICHIGANWisconsin
90.8%
ERIEOhio
90.4%
MICHIGANIllinois
90.1%
SUPERIOROntario
88.4%
HURONOntario
88.4%
ERIEOntario
88.4%
ONTARIOOntario
88%
MICHIGANChicago, IL
85.8%
SUPERIORMinnesota
85.1%
lake answer % Correct
MICHIGANIndiana
84.6%
ERIEPennsylvania
83%
ONTARIOToronto, ON
72.2%
ERIEBuffalo, NY
67.8%
ERIECleveland, OH
61.5%
MICHIGANMilwaukee, WI
55.9%
MICHIGANGreen Bay, WI
43.7%
SUPERIORDuluth, MN
31.5%
ERIEToledo, OH
31.1%
ONTARIOHamilton, ON
20.7%
SUPERIORThunder Bay, ON
18.4%
SUPERIORSault Sainte Marie, ON
16.8%
ONTARIOMississauga, ON
13.3%
HURONSarnia, ON
8.8%
HURONPort Huron, MI
8.7%
HURONBay City, MI
6.7%

You're not logged in!

Compare scores with friends on all Sporcle quizzes.
Join for Free
OR
Log In

You Might Also Like...

Show Comments

Extras

Top Quizzes Today


Score Distribution

Your Account Isn't Verified!

In order to create a playlist on Sporcle, you need to verify the email address you used during registration. Go to your Sporcle Settings to finish the process.

Report this User

Report this user for behavior that violates our Community Guidelines.

Details: